Movies Quiz

Random Movies or Actor Quiz

Who plays these 100 characters? Quiz Stats

Quiz not verified by Sporcle

Also try: Disney Cats
Challenge
Share
Tweet
Embed
Score 0/100 Timer 20:00
0 Plays Today
% Correct
Michael J. Fox
96.6%
Matthew Broderick
94.8%
Tom Hanks
92.9%
Judy Garland
88.8%
Mel Gibson
86.9%
Jodie Foster
85%
Anthony Perkins
83.1%
Liam Neeson
83.1%
Jesse Eisenberg
82.8%
Robert DeNiro
82%
Sigourney Weaver
79.4%
Carrie Fisher
79%
James Stewart
78.7%
Gregory Peck
78.7%
Alan Rickman
77.9%
Laurence Fishburne
77.9%
Johnny Depp
74.9%
Gary Oldman
74.5%
Morgan Freeman
74.2%
Linda Hamilton
71.5%
Audrey Tautou
67.8%
Hugo Weaving
67%
Peter Sellers
66.7%
Diane Keaton
65.5%
Robin Wright
64.4%
Liv Tyler
64%
Uma Thurman
63.7%
Frances McDormand
63.7%
Kevin Costner
62.5%
Joe Pesci
60.3%
Kevin Spacey
59.9%
Jean Reno
59.6%
Louise Fletcher
58.1%
Geoffrey Rush
57.3%
% Correct
Henry Fonda
56.9%
Sean Connery
55.8%
Gene Hackman
55.4%
Marlon Brando
54.3%
Ingrid Bergman
52.8%
Julie Andrews
52.4%
Tom Hulce
51.3%
Dev Patel
49.1%
Gene Wilder
47.9%
Bill Murray
47.2%
Errol Flynn
45.7%
Jason Biggs
44.9%
Kate Winslet
44.6%
Eric Idle
43.4%
Clint Eastwood
41.9%
Leonardo DiCaprio
39.7%
Jean Dujardin
36%
Gloria Swanson
33.3%
Franka Potente
31.8%
Bruno Ganz
31.1%
Paul Scofield
30%
Ben Kingsley
29.2%
Min-sik Choi
27.3%
Marilyn Monroe
26.2%
Groucho Marx
25.8%
Mary Elizabeth Winstead
25.5%
Benicio Del Toro
24.3%
Ewan McGregor
24.3%
Gary Cooper
24.3%
Jessica Alba
23.2%
Ernest Borgnine
23.2%
Tae-hyun Cha
22.8%
Scarlett Johansson
22.5%
Bette Davis
22.1%
% Correct
Cary Grant
21.7%
Gabriel Byrne
21.3%
Rita Hayworth
21.3%
Charles Bronson
20.6%
John Wayne
17.6%
Lee Van Cleef
17.2%
Barbara Stanwyck
16.9%
Gene Kelly
16.9%
Giulietta Masina
15%
Charles Chaplin
14.2%
Michael Palin
13.5%
Ivana Baquero
12.7%
Lauren Bacall
12%
Grace Kelly
12%
Audrey Hepburn
12%
William Holden
11.6%
Jason Statham
10.5%
Otto Preminger
10.1%
Claudette Colbert
9.7%
Gene Tierney
9.7%
Leandro Firmino
9.4%
Björk
9.4%
Marlene Dietrich
9%
Javier Cámara
8.6%
Janet Gaynor
8.2%
Irène Jacob
7.5%
Katherine Hepburn
7.5%
Buster Keaton
7.1%
Daniel Brühl
6.7%
Omar Sy
6.7%
Albert Finney
6.4%
Philippe Noiret
4.9%

You're not logged in!

Compare scores with friends on all Sporcle quizzes.
Sign Up with Email
OR
Log In

You Might Also Like...

Show Comments

Extras

Top Quizzes Today


Score Distribution

Your Account Isn't Verified!

In order to create a playlist on Sporcle, you need to verify the email address you used during registration. Go to your Sporcle Settings to finish the process.